Cálculo mercantil (Record no. 74405)

MARC details
000 -LEADER
campo de control de longitud fija 00625nam a2200169 i 4500
001 - NÚMERO DE CONTROL
campo de control 74405
003 - IDENTIFICADOR DE NÚMERO DE CONTROL
campo de control ES-MaACL
005 - FECHA Y HORA DE LA ÚLTIMA TRANSACCIÓN
campo de control 20230906172125.0
007 - CAMPO FIJO DE DESCRIPCIÓN FÍSICA--INFORMACIÓN GENERAL
campo de control de longitud fija t|
008 - DATOS DE LONGITUD FIJA--INFORMACIÓN GENERAL
campo de control de longitud fija 040917s1972 sp ||||1| spa d
100 1# - ENTRADA PRINCIPAL--NOMBRE DE PERSONA
Nombre de persona González Guijarro, Juan.
9 (RLIN) 58694
245 10 - MENCIÓN DEL TÍTULO
Título Cálculo mercantil
Resto del título : contestaciones al programa del concurso oposición para oficiales administrativos /
Mención de responsabilidad, etc. preparadas por Juan González Guijarro.
260 ## - PUBLICACIÓN, DISTRIBUCIÓN, ETC.
Lugar de publicación, distribución, etc. Madrid :
Nombre del editor, distribuidor, etc. Banco de España, Centro de Formación y Perfeccionamiento,
Fecha de publicación, distribución, etc. 1972.
300 ## - DESCRIPCIÓN FÍSICA
Extensión VII, 146 p. ;
Dimensiones 30 cm.
650 04 - PUNTO DE ACCESO ADICIONAL DE MATERIA--TÉRMINO DE MATERIA
Término de materia o nombre geográfico como elemento de entrada Cálculo mercantil.
9 (RLIN) 10674
852 ## - LOCALIZACIÓN
Ubicación ES-MaACL
Número de control de estantería C-47214
Sublocalización o colección R.84242
Holdings
Estatus retirado Estado de pérdida Estado de daño No para préstamo Biblioteca de origen Biblioteca actual Ubicación en estantería Fecha de adquisición Fuente de adquisición Total de préstamos Signatura topográfica completa Código de barras Visto por última vez Precio de reemplazo Tipo de ítem Koha
        Biblioteca del Ateneo de Madrid Biblioteca del Ateneo de Madrid Depósito 2 17/01/2008     C-47214 1077888 23/02/2023 23/02/2023 Libro impreso